00330nam a2200145Ia 4500008004100000020001500041041001200056082001100068100001700079245002400096250000800120260003200128300000900160650001500169221030s9999 xx 000 0 und d a8170088348 aEnglish a105.23 aR. K. Rajput 0aThermal Engineering a6th bLaxmi Pub.aNew Delhic2008 a1671 aMechanical